Tilastot visalle Pakistanin väkiluvussa ohittamat valtiot

Klikkaa tästä pelataksesi tätä visaa!

Yleistilastot

  • Tätä visaa on pelattu 324 kertaa
  • Keskiarvotulos 6 / 8

Vastaustilastot

OhitusvuosiSilloinen väkilukuValtio% Oikein
1999148 milj.Venäjä
90%
198078,8 milj.Saksa
86%
196247,6 milj.Ranska
84%
1994128 milj.Japani
83%
2012201 milj.Brasilia
81%
196652,5 milj.Italia
78%
196855,4 milj.Yhdistynyt kuningaskunta
76%
198492,6 milj.Bangladesh
67%

Tulosjakauma

Persentiili vastausten määrän mukaan

Jokaisen tuloksen saaneiden osuus

Tuloshistoriasi

Et ole pelannut tätä visaa